000 00691nam a2200253Ia 4500
003 OSt
005 20220918185053.0
006 a|||||r|||| 00| 0
007 ta
008 220917b |||||||| |||| 00| 0 eng d
024 _a49,468
037 _cTextual
040 _aARTS
_cARTS
_beng
041 _2eng
_aeng
082 _aP,9Jv, N5-;1
100 _aBurke P
_941519
245 0 _aLanguages and Jargons
_b contribution to a social history of language
260 _aU
_bK Polity Press
_c1995
300 _avii, 216p.
_ccm.
650 _aLINGUISTICS
700 _a Porter R
_967686
942 _hP,9Jv, N5-;1
_cTEXL
_2CC
999 _c179090
_d179090